| 000 | 00382cam a22001337a 4500 | ||
|---|---|---|---|
| 008 | 180718b2007 xxu||||| |||| 00| 0 eng d | ||
| 020 | _a8173918805 | ||
| 082 | _aBA27x54 R18w | ||
| 100 | _aRao, Yagati Chinna | ||
| 245 |
_aWriting dalit history and other essays _cby Yagati Chinna Rao |
||
| 260 |
_aNew Delhi _bKanishka _c2007 |
||
| 300 | _a222p. | ||
| 650 | _aDalits --India --History | ||
| 999 |
_c421019 _d421019 |
||